000 00686cam a2200253 4500
001 23561
003 BD-RjUL
005 20211209000938.0
008 140311s1968 pk ac 000 0ceng d
035 _a(BD-RjUL)23626
040 _aDLC
_cDLC
_dDLC
_dBD-RjUL
_beng
041 _aeng
082 0 0 _a328.5490922
_bNUW 1968
100 1 _aNuruzzaman, Md.
_944620
245 1 0 _aWho's who /
_c Md. Nuruzzaman.
250 _a2nd ed.
260 _aDacca :
_bEastern Publications,
_c1952
300 _a552 p. :
_billus., ports. ;
_c23 cm.
350 _a16.00
650 0 _aLegislators
_zPakistan.
_972525
651 0 _aPakistan
_xBiography.
_972526
942 _2ddc
_cBK
999 _c23561
_d23561